000 01313nam0a2200349 4500
001 RU\NLR\bibl\445387
005 20250623180215.0
010 _a5-87953-178-3
_919000
021 _aRU
_b2003-10025п
_9394
035 _a(NLR Aleph) 000439079
090 _a802620
_c802620
100 _a20011218d2003 |||y0rusy50 ca
101 0 _arus
102 _aRU
105 _aac |||||||||
200 1 _aСтарейший журнал России, 1803-2003
_fВиктор Чумаков, Арсений Замостьянов
210 _aМ.
_cНар. образование
_d2003
215 _a335,[1] c.
_cил., портр.
_d26
225 1 _aНародное образование
_vN 1 (1324)
300 _aНа обл. авт. не указаны
320 _aКрат. библиогр.: с.327-331 (171 назв.)
320 _aИмен. указ. в конце кн.
601 0 2 _a"Народное образование", журнал
_xИстория
_z1803 - 2003
_92306177
_3RU\NLR\auth\661380434
686 _aЧ612.4(2)723:Ч
700 1 _aЧумаков
_bВ.
_gВиктор
_4070
701 1 _aЗамостьянов
_bА.
_gАрсений
_4070
801 0 _aRU
_bNLR
_c20031009
_gPSBO
801 1 _aRU
_bNLR
_c20031009
852 _aNLR
_jП29/163
942 _cBOOK
980 _aNB